000 00465nam a22001697a 4500
999 _c5065
_d5065
003 GBCCL
005 20241126110532.0
008 180223b ||||| |||| 00| 0 eng d
040 _cgbc
082 _a609.2
_bTAW
100 _aTawmbing, Langgin
_99129
245 _hPaite
_aTalent piak hi kei leng :
_bBook of Tribal Technology
260 _aLamka :
_bBungmual carpentary work,
_c2016
300 _a158p.
650 _aTechnology
_vtribal
_99130
942 _2ddc
_cBK
_01